[Event "Detroit (MOR/1a/15)"]
[Site "?"]
[Date "1994.??.??"]
[Round "?"]
[White "Adams, B."]
[Black "Falkowski, Kenneth"]
[Result "0-1"]
[WhiteElo "1605"]
[BlackElo "1700"]
[PlyCount "104"]
[EventDate "1994.??.??"]

1. e4 d6 2. Nf3 Nf6 3. Nc3 c6 4. h3 e5 5. d4 Nbd7 6. dxe5 dxe5 7. Be2 Bb4 8.
Bd2 O-O 9. O-O Qc7 10. a3 Bxc3 11. Bxc3 Nxe4 12. Bb4 c5 13. Qd5 Nef6 14. Qc4
Nb6 15. Qxc5 Qxc5 16. Bxc5 Re8 17. Rad1 Nbd7 18. Bb4 a6 19. Rfe1 e4 20. Nd4 Ne5
21. f4 Ng6 22. Rf1 Nd5 23. Bd2 e3 24. Bc1 Ngxf4 25. Rf3 Nxe2+ 26. Nxe2 Be6 27.
Bxe3 Nxe3 28. Rxe3 Rad8 29. Rxd8 Rxd8 30. Kf2 Kf8 31. h4 Rd2 32. b4 Rxc2 33.
Kg3 Bd5 34. Nf4 Bc6 35. Kh2 g6 36. Kg1 Kg7 37. g3 h6 38. Kf1 Kf6 39. Ne2 Bb5
40. Ke1 Bxe2 41. Rxe2 Rc3 42. Rf2+ Kg7 43. a4 Rxg3 44. Rf4 g5 45. hxg5 hxg5 46.
Rd4 Re3+ 47. Kf2 Re7 48. Kf3 f5 49. Rd5 Kf6 50. Rd8 g4+ 51. Kg3 Re3+ 52. Kf4
Rf3# 0-1

[Event "Detroit (MOR/2/69)"]
[Site "?"]
[Date "1994.??.??"]
[Round "?"]
[White "Abdul-Mujeer, N."]
[Black "Prince, S."]
[Result "1/2-1/2"]
[WhiteElo "1605"]
[BlackElo "1605"]
[PlyCount "68"]
[EventDate "1994.??.??"]

{2/(69)} 1. d4 Nf6 2. c4 e6 3. Nf3 b6 4. e3 Bb7 5. Be2 Be7 6. O-O O-O 7. Nbd2
c5 8. b3 d5 9. Bb2 Nbd7 10. Rc1 Bd6 11. Re1 Qc7 12. cxd5 Bxd5 13. Bd3 Ng4 14.
g3 f5 15. e4 f4 16. Ng5 fxg3 17. Qxg4 gxf2+ 18. Kh1 Bxh2 19. exd5 Bg1 20. Ndf3
fxe1=Q 21. Rxe1 Qf4 22. Qxf4 Rxf4 23. Rxg1 h6 24. Nxe6 Rxf3 25. Rxg7+ Kh8 26.
Bh7 Nf6 27. Rf7 Rf2 28. Bg6 Rg8 29. Nf8 Rxf8 30. Rxf8+ Kg7 31. Rd8 Kxg6 32.
dxc5 Rxb2 33. c6 Rc2 34. Rd6 Kf5 1/2-1/2

[Event "Detroit (MOR/3/56)"]
[Site "?"]
[Date "1994.??.??"]
[Round "?"]
[White "Abdul-Mujeeb, N."]
[Black "Adams, B."]
[Result "0-1"]
[WhiteElo "1605"]
[BlackElo "1605"]
[PlyCount "90"]
[EventDate "1994.??.??"]

{3/(56)} 1. e4 e5 2. Bc4 Nf6 3. d3 d5 4. exd5 Nxd5 5. Qf3 Be6 6. Ne2 c6 7. O-O
Be7 8. Nbc3 Nxc3 9. bxc3 Bxc4 10. dxc4 Na6 11. Be3 Qa5 12. Qg3 O-O 13. Bh6 Bf6
14. Bg5 Bxg5 15. Qxg5 Rfe8 16. f4 f6 17. Qf5 Qc5+ 18. Nd4 exd4 19. Qxc5 Nxc5
20. cxd4 Na4 21. Rab1 Rab8 22. Rf3 Nb6 23. c5 Nd5 24. g3 Re3 25. Rxe3 Nxe3 26.
c3 Kf7 27. a4 Nd5 28. Rb3 Ke7 29. a5 a6 30. Kf2 Kd7 31. c4 Ne7 32. Kf3 Kc7 33.
Kg4 g6 34. h4 Nf5 35. Rd3 Re8 36. Kf3 Re1 37. d5 Ra1 38. d6+ Kd7 39. Rb3 Nd4+
40. Kg4 Nxb3 41. h5 Rxa5 42. hxg6 hxg6 43. f5 Rxc5 44. fxg6 Rg5+ 45. Kf4 Rxg6
0-1

[Event "Detroit (MCO/C/7/11)"]
[Site "?"]
[Date "1994.??.??"]
[Round "?"]
[White "Abdul, A."]
[Black "Thompson, P."]
[Result "1-0"]
[WhiteElo "1605"]
[BlackElo "1605"]
[PlyCount "63"]
[EventDate "1994.??.??"]

{7/(11)} 1. e4 e5 2. Nf3 d6 3. Bb5+ Bd7 4. Bc4 Be7 5. d4 Nf6 6. dxe5 Nxe4 7.
Qe2 Nc5 8. exd6 cxd6 9. Nc3 O-O 10. O-O Re8 11. Qd1 Bf6 12. Qxd6 Bxc3 13. Qxc5
Bf6 14. Rd1 Qe7 15. Qh5 g6 16. Qh6 Bg7 17. Qf4 Bc6 18. Ng5 Rf8 19. Bd2 a5 20.
Re1 Qf6 21. Qg3 b6 22. Bc3 Qf5 23. Bxg7 Kxg7 24. Re7 Be8 25. Ne6+ Kf6 26. Re1
Nc6 27. Qh4+ g5 28. Qh6+ Qg6 29. Qxf8 Nxe7 30. Nc7 Rc8 31. Nxe8+ Rxe8 32. Qxe8
1-0

[Event "Detroit (MCO/DEU/3b/2)"]
[Site "?"]
[Date "1994.??.??"]
[Round "?"]
[White "Abdul, A."]
[Black "Marson, Michael"]
[Result "1-0"]
[WhiteElo "1605"]
[BlackElo "1605"]
[PlyCount "35"]
[EventDate "1994.??.??"]

1. e4 e6 2. d4 d5 3. e5 c5 4. c3 cxd4 5. Bb5+ Bd7 6. Bxd7+ Nxd7 7. cxd4 Bb4+ 8.
Nc3 f6 9. Nge2 fxe5 10. dxe5 Bxc3+ 11. bxc3 Nxe5 12. Nd4 Qf6 13. Qa4+ Nd7 14.
Nb5 Qe5+ 15. Be3 Ngf6 16. Qb4 Rc8 17. Nd6+ Kd8 18. Nf7+ 1-0

[Event "Warren (Warmup"]
[Site "?"]
[Date "1994.??.??"]
[Round "?"]
[White "Abdul, A."]
[Black "Blake, J."]
[Result "0-1"]
[WhiteElo "1605"]
[BlackElo "1745"]
[PlyCount "126"]
[EventDate "1994.??.??"]

1. e4 c5 2. Nf3 d6 3. Nc3 a6 4. Bc4 e6 5. O-O Nc6 6. Re1 Qc7 7. d3 b5 8. Bb3
Nf6 9. Bf4 e5 10. Nd5 Nxd5 11. exd5 Ne7 12. Bd2 Bg4 13. c4 Nf5 14. h3 Bxf3 15.
Qxf3 Nd4 16. Qd1 Be7 17. Qg4 O-O 18. Bd1 f5 19. Qg3 Qd8 20. Bc3 f4 21. Qg4 Nf5
22. g3 fxg3 23. fxg3 Nxg3 24. Bf3 Bh4 25. Bd2 Qf6 26. Bg2 Qf2+ 27. Kh2 Nf5 28.
Bg5 Qg3+ 29. Qxg3 Bxg3+ 30. Kh1 Bxe1 31. Rxe1 h6 32. Bd2 Nd4 33. b3 Nf3 34. Re2
Nxd2 35. Rxd2 Rf4 36. Be4 Raf8 37. Kg2 g5 38. Re2 b4 39. Bg6 Kg7 40. Bh5 Rh4
41. Bg4 Rf4 42. Re4 Rxe4 43. dxe4 h5 44. Bf5 Kf6 45. Kg3 Rf4 46. Bh7 Rf1 47.
Bf5 Rxf5 48. exf5 Kxf5 49. Kf3 g4+ 50. hxg4+ hxg4+ 51. Kg3 e4 52. Kf2 Kf4 53.
Kg2 Ke3 54. Kg3 Kd2 55. Kxg4 e3 56. Kf5 e2 57. Ke6 e1=Q+ 58. Kxd6 Qe8 59. Kxc5
Kc3 60. Kd6 Qd8+ 61. Ke6 Kd4 62. d6 Kc5 63. d7 Kc6 0-1

[Event "Warren (Warmup"]
[Site "?"]
[Date "1994.??.??"]
[Round "?"]
[White "Abdul, A."]
[Black "Bedy, N."]
[Result "1-0"]
[WhiteElo "1605"]
[BlackElo "1605"]
[PlyCount "101"]
[EventDate "1994.??.??"]

1. e4 d5 2. e5 c5 3. Nf3 Nc6 4. Bb5 a6 5. Bxc6+ bxc6 6. O-O Bg4 7. c3 e6 8. d4
Rb8 9. Nbd2 cxd4 10. Qa4 dxc3 11. Qxc6+ Qd7 12. Qxd7+ Kxd7 13. bxc3 Be7 14. Nd4
Nh6 15. h3 Bf5 16. N2f3 Rhe8 17. Bxh6 gxh6 18. Nxf5 exf5 19. Rfc1 Rb2 20. Nd4
Bc5 21. Rc2 Rxc2 22. Nxc2 Rb8 23. Ne1 Ke6 24. Nd3 Be7 25. Re1 Bg5 26. f4 Be7
27. Re2 h5 28. Kf2 h4 29. Kf3 Rg8 30. Ke3 Rb8 31. Nc1 Bc5+ 32. Kd3 Ba7 33. Nb3
Rb5 34. Rb2 Rb8 35. Nd4+ Kd7 36. Rxb8 Bxb8 37. Nxf5 Ke6 38. Ng7+ Ke7 39. Kd4 f6
40. Kxd5 fxe5 41. fxe5 Kf7 42. Nf5 h5 43. c4 a5 44. c5 a4 45. Nd4 a3 46. e6+
Ke8 47. Kc6 Kd8 48. Kb5 Kc8 49. e7 Kd7 50. Nf5 Bd6 51. cxd6 1-0

[Event "Detroit (MCO/DEU/2b/1)"]
[Site "?"]
[Date "1994.??.??"]
[Round "?"]
[White "Abdul, A."]
[Black "Ashton, Jeff"]
[Result "1-0"]
[WhiteElo "1605"]
[BlackElo "1605"]
[PlyCount "55"]
[EventDate "1994.??.??"]

1. e4 c5 2. Bc4 Nc6 3. Nf3 d6 4. Ng5 Ne5 5. Be2 Nf6 6. Nc3 g6 7. O-O Qb6 8. d3
Bg7 9. Nf3 Nfg4 10. Nd5 Qd8 11. Nxe5 Nxe5 12. f4 Nc6 13. Be3 Bxb2 14. Rb1 Bg7
15. f5 O-O 16. Qd2 Bd4 17. c3 Bxe3+ 18. Qxe3 e6 19. f6 Kh8 20. Qh6 Rg8 21. Ne3
Qf8 22. Qh4 g5 23. Qg3 e5 24. Bg4 Bxg4 25. Nxg4 h5 26. Qh3 h4 27. g3 Rg6 28.
gxh4 1-0

[Event "Trenton Tornado"]
[Site "Trenton, Mich."]
[Date "1994.01.22"]
[Round "1"]
[White "Moody, David"]
[Black "Thompson, Dexter"]
[Result "0-1"]
[WhiteElo "2000"]
[BlackElo "2235"]
[PlyCount "76"]
[EventDate "1994.01.22"]

1. e4 e5 2. Nf3 Nc6 3. Bc4 Nf6 4. d4 exd4 5. O-O Nxe4 6. Re1 d5 7. Nc3 dxc3 8.
Bxd5 Be6 9. Bxe4 Bb4 10. b3 Qxd1 11. Rxd1 O-O 12. Bf4 Ba5 13. Ng5 h6 14. Nxe6
fxe6 15. Bxc6 bxc6 16. Be5 Rad8 17. Kf1 Rd2 18. Rxd2 cxd2 19. Ke2 Rf5 20. f4 g5
21. g3 gxf4 22. gxf4 c5 23. Rg1+ Kf8 24. Rg6 Rh5 25. Rg2 Rh3 26. Rf2 Re3+ 27.
Kxe3 d1=Q 28. c4 Be1 29. Re2 Qc1+ 30. Kd3 Ba5 31. Ke4 Ke7 32. Kf3 Qd1 33. Ke3
c6 34. Kf2 Qd3 35. Kf1 Bc3 36. Kf2 Bxe5 37. fxe5 a5 38. Ke1 a4 0-1

[Event "Trenton Tornado"]
[Site "Trenton, Mich."]
[Date "1994.01.22"]
[Round "2"]
[White "Haakonstad, Olaf"]
[Black "Moody, David"]
[Result "0-1"]
[WhiteElo "1822"]
[BlackElo "2000"]
[PlyCount "30"]
[EventDate "1994.01.22"]

1. e4 e5 2. Nf3 Nc6 3. Bb5 f5 4. Nc3 fxe4 5. Nxe4 d5 6. Ng3 Bg4 7. h3 Bxf3 8.
Qxf3 Nf6 9. d3 Be7 10. Nf5 O-O 11. Bxc6 bxc6 12. Qg3 Nh5 13. Qxe5 Bb4+ 14. c3
Re8 15. Nh6+ gxh6 0-1

[Event "Trenton Tornado"]
[Site "Trenton, Mich."]
[Date "1994.01.22"]
[Round "3"]
[White "Andrews, Steve"]
[Black "Moody, David"]
[Result "0-1"]
[WhiteElo "2223"]
[BlackElo "2000"]
[PlyCount "92"]
[EventDate "1994.01.22"]

1. d4 Nf6 2. Nf3 d6 3. g3 g6 4. Bg2 Bg7 5. O-O O-O 6. c4 c5 7. Nc3 cxd4 8. Nxd4
Nbd7 9. h3 Ne5 10. b3 Bd7 11. Bg5 Qa5 12. Qd2 Nc6 13. Nxc6 bxc6 14. Nd5 Qxd2
15. Nxe7+ Kh8 16. Bxd2 Rae8 17. Nxc6 Ne4 18. Bxe4 Rxe4 19. Nxa7 Bxa1 20. Rxa1
Rxe2 21. Bc3+ Kg8 22. a4 Bxh3 23. Nb5 f5 24. Nd4 Re4 25. Rc1 f4 26. f3 fxg3 27.
Re1 Rxd4 28. Bxd4 Rxf3 29. b4 Rf4 30. Rd1 Bg4 31. Rd2 Bf3 32. a5 h5 33. Rd3 h4
34. a6 h3 35. Rxf3 Rxf3 36. a7 Ra3 37. b5 Kh7 38. b6 Rd3 39. Kf1 g2+ 40. Kf2
Rd2+ 41. Kg1 Rxd4 42. a8=Q Rd1+ 43. Kf2 g1=Q+ 44. Kf3 Rd3+ 45. Kf4 Qg3+ 46. Ke4
Qf3# 0-1

[Event "Lansing Mini-Swiss (February)"]
[Site "Lansing, Mich."]
[Date "1994.02.06"]
[Round "3"]
[White "Schoonmaker, John"]
[Black "Moody, David"]
[Result "1-0"]
[WhiteElo "1900"]
[BlackElo "2044"]
[PlyCount "77"]
[EventDate "1994.02.06"]

1. d4 Nf6 2. Nf3 g6 3. Bg5 Bg7 4. Nbd2 d5 5. e3 Bf5 6. Be2 O-O 7. O-O Nbd7 8.
c3 c5 9. dxc5 Nxc5 10. Nb3 Nce4 11. Nbd4 Nxg5 12. Nxg5 e5 13. Nxf5 gxf5 14. Nf3
Qe7 15. Qb3 Rfd8 16. Nh4 Qe6 17. Qc2 Ne4 18. f3 Nd6 19. g3 Rac8 20. Bd3 e4 21.
fxe4 fxe4 22. Be2 Bf6 23. Rf4 Bxh4 24. Rxh4 Nf5 25. Rg4+ Kh8 26. Qd2 Rg8 27.
Rf1 Nh6 28. Rgf4 Rg5 29. Qd4+ Kg8 30. Kg2 Nf5 31. Rxf5 Rxf5 32. Bg4 Rf2+ 33.
Rxf2 Qxg4 34. Qxd5 Rf8 35. Qxb7 h5 36. h4 Kh8 37. Qc7 Rg8 38. Qf4 Qd1 39. Qh6#
1-0

[Event "Lansing Mini-Swiss (February)"]
[Site "Lansing, Mich."]
[Date "1994.02.06"]
[Round "2"]
[White "Moody, David"]
[Black "Decker, Dale"]
[Result "1-0"]
[WhiteElo "2044"]
[BlackElo "1926"]
[PlyCount "71"]
[EventDate "1994.02.06"]

1. e4 d5 2. Nc3 dxe4 3. Nxe4 Nd7 4. Bc4 Ngf6 5. Ng5 e6 6. Qe2 Nb6 7. Bb3 h6 8.
N5f3 c5 9. Ne5 Bd6 10. Ngf3 O-O 11. d3 Bd7 12. Bf4 Be8 13. O-O-O Nbd5 14. Bg3
b5 15. Bh4 Nf4 16. Qd2 Bxe5 17. Nxe5 c4 18. Qxf4 cxb3 19. axb3 g5 20. Bxg5 hxg5
21. Qxg5+ Kh8 22. Ng4 Nh7 23. Qe5+ f6 24. Qxe6 Bd7 25. Qe4 Qc7 26. Rhe1 Rac8
27. c4 Ng5 28. Qd4 Bxg4 29. Qxg4 bxc4 30. dxc4 Rcd8 31. h4 Nh7 32. Qf5 Rxd1+
33. Rxd1 Qh2 34. g3 Qg2 35. Rd7 Qf1+ 36. Kd2 1-0

[Event "Lansing Mini-Swiss (February)"]
[Site "Lansing, Mich."]
[Date "1994.02.06"]
[Round "1"]
[White "Eckert, Bill"]
[Black "Moody, David"]
[Result "0-1"]
[WhiteElo "1885"]
[BlackElo "2044"]
[PlyCount "68"]
[EventDate "1994.02.06"]

1. d4 Nf6 2. Nf3 g6 3. c4 Bg7 4. Nc3 O-O 5. e4 d6 6. Be2 e5 7. O-O Nc6 8. d5
Ne7 9. b4 Nd7 10. Nd2 f5 11. f3 f4 12. Nb3 g5 13. Ba3 Rf6 14. c5 Rh6 15. b5 Qe8
16. c6 bxc6 17. dxc6 Nf6 18. Bxd6 cxd6 19. Qxd6 Nxe4 20. Qb4 Nxc3 21. Qxc3 e4
22. Qc4+ Be6 23. Qxe4 Bxa1 24. Rxa1 Qg6 25. Qe5 Qg7 26. Qxg7+ Kxg7 27. Nc5 Rd8
28. a4 Rd2 29. Bd3 Bf5 30. Bxf5 Nxf5 31. c7 Ne3 32. Ne6+ Kf6 33. Nxf4 gxf4 34.
Ra2 Rxa2 0-1

[Event "Trenton Action Quad (February)"]
[Site "Trenton, Mich."]
[Date "1994.02.20"]
[Round "3"]
[White "Moody, David"]
[Black "Mailing, Ian"]
[Result "0-1"]
[WhiteElo "2044"]
[BlackElo "2005"]
[PlyCount "62"]
[EventDate "1994.02.20"]

1. e4 d6 2. d4 g6 3. c4 Bg7 4. Nc3 c6 5. Nf3 Qc7 6. Be2 e5 7. Be3 Ne7 8. Qd2
O-O 9. d5 f5 10. exf5 Nxf5 11. O-O Nxe3 12. Qxe3 c5 13. b4 e4 14. Nd2 cxb4 15.
Nb5 Qe7 16. Nxe4 Bxa1 17. Rxa1 Na6 18. Nbxd6 Bf5 19. c5 Nxc5 20. Nxf5 Qxe4 21.
Ne7+ Kf7 22. Qxc5 Qxe7 23. Qc4 Qf6 24. Re1 Kg7 25. Qxb4 Qxf2+ 26. Kh1 Rae8 27.
Qb2+ Qf6 28. Qxb7+ Rf7 29. Qb5 Qc3 30. Qb1 Rf2 31. Qd1 Rfxe2 0-1

[Event "Trenton Action Quad (February)"]
[Site "Trenton, Mich."]
[Date "1994.02.20"]
[Round "1"]
[White "Moody, David"]
[Black "Haakonstad, Olaf"]
[Result "1-0"]
[WhiteElo "2044"]
[BlackElo "1844"]
[PlyCount "77"]
[EventDate "1994.02.20"]

1. d4 Nf6 2. Nf3 b6 3. Bg5 e6 4. e3 h6 5. Bh4 Bb7 6. Bd3 Bb4+ 7. c3 Be7 8. Nbd2
O-O 9. O-O c5 10. Qe2 d6 11. Rad1 Nbd7 12. Nc4 b5 13. Ncd2 c4 14. Bb1 Nb6 15.
e4 Na4 16. e5 Nh7 17. Bxe7 Qxe7 18. Ne4 Bxe4 19. Qxe4 g6 20. exd6 Qxd6 21. Ne5
Qd5 22. Qc2 Kg7 23. Nxg6 Qf5 24. Nxf8 Qxc2 25. Nxe6+ fxe6 26. Bxc2 Nxb2 27. Rb1
Nd3 28. Bxd3 cxd3 29. Rfd1 a6 30. Rxd3 Ng5 31. Re1 Kf6 32. h4 Nf7 33. Rf3+ Ke7
34. Rfe3 Nd8 35. d5 Rc8 36. dxe6 Rc6 37. f4 Rxe6 38. Rxe6+ Nxe6 39. f5 1-0

[Event "Trenton Action Quad (February)"]
[Site "Trenton, Mich."]
[Date "1994.02.20"]
[Round "2"]
[White "Bemben, Robert"]
[Black "Moody, David"]
[Result "0-1"]
[WhiteElo "1862"]
[BlackElo "2044"]
[PlyCount "64"]
[EventDate "1994.02.20"]

1. d4 Nf6 2. Nf3 g6 3. c3 Bg7 4. Qc2 d5 5. Bg5 Bf5 6. Qc1 O-O 7. Nh4 Qd7 8. h3
Ne4 9. g4 Nxg5 10. gxf5 Bh6 11. Qc2 e6 12. fxg6 fxg6 13. Nd2 Qf7 14. Nhf3 Nd7
15. Bg2 e5 16. dxe5 Nxe5 17. Rf1 Nexf3+ 18. Nxf3 Nxf3+ 19. Bxf3 Rae8 20. Kd1 c6
21. Qd3 Qf4 22. Kc2 Bg7 23. Rh1 d4 24. c4 Qd6 25. Rag1 b5 26. cxb5 cxb5 27.
Qb3+ Kh8 28. Kb1 d3 29. Rd1 Rxf3 30. exf3 Re2 31. Qxd3 Rxb2+ 32. Kc1 Qc5+ 0-1

[Event "Young Junior Sponsors"]
[Site "Flint, Mich."]
[Date "1994.03.20"]
[Round "1"]
[White "Pontoni, Mark"]
[Black "Moody, David"]
[Result "0-1"]
[WhiteElo "1447"]
[BlackElo "2044"]
[PlyCount "70"]
[EventDate "1994.03.20"]

1. e4 e5 2. Nf3 Nc6 3. Bb5 a6 4. Bxc6 dxc6 5. O-O Qd6 6. d4 exd4 7. Nxd4 Bd7 8.
Nc3 O-O-O 9. Nf3 Qg6 10. Ne5 Qf6 11. Nxd7 Rxd7 12. Qg4 Bc5 13. Bg5 Qg6 14. Rad1
Nf6 15. Qf5 Qxf5 16. exf5 Bd4 17. Bxf6 Bxf6 18. Rxd7 Kxd7 19. Rd1+ Kc8 20. Rd3
Bxc3 21. Rxc3 Rd8 22. g4 Rd4 23. h3 Kd7 24. Kg2 Kd6 25. Kg3 b5 26. Kh4 b4 27.
Rd3 Rxd3 28. cxd3 Ke5 29. Kg5 f6+ 30. Kh5 Kf4 31. Kh4 c5 32. Kh5 a5 33. Kh4 g6
34. fxg6 hxg6 35. f3 a4 0-1

[Event "Young Junior Sponsors"]
[Site "Flint, Mich."]
[Date "1994.03.20"]
[Round "2"]
[White "Moody, David"]
[Black "Rostrom, Richard"]
[Result "1-0"]
[WhiteElo "2044"]
[BlackElo "1666"]
[PlyCount "78"]
[EventDate "1994.03.20"]

1. e4 c5 2. Nf3 d6 3. d4 cxd4 4. Nxd4 Nf6 5. Nc3 g6 6. Be3 Bg7 7. f3 O-O 8. Bc4
Bd7 9. Qd2 Re8 10. Bh6 Bh8 11. h4 Nc6 12. Nxc6 bxc6 13. h5 Nxh5 14. Rxh5 Qb6
15. O-O-O Reb8 16. Bb3 a5 17. Rdh1 a4 18. Be3 gxh5 19. Bxb6 axb3 20. Qg5+ Bg7
21. Bd4 e5 22. Bxe5 dxe5 23. cxb3 Be6 24. Qxh5 h6 25. Kb1 c5 26. g4 c4 27. bxc4
Bxc4 28. g5 hxg5 29. Qxg5 f6 30. Qg6 Ra3 31. Rg1 Rb7 32. Qe8+ Kh7 33. Rh1+ Bh6
34. Qf8 Rg7 35. Qxa3 Bd3+ 36. Ka1 Kg6 37. Qf8 Bg5 38. Qe8+ Rf7 39. Rh7 Kxh7
$138 1-0

[Event "Young Junior Sponsors"]
[Site "Flint, Mich."]
[Date "1994.03.20"]
[Round "4"]
[White "Moody, David"]
[Black "Distefano, Robert"]
[Result "1-0"]
[WhiteElo "2044"]
[BlackElo "1480"]
[PlyCount "69"]
[EventDate "1994.03.20"]

1. e4 c5 2. Nf3 d6 3. d4 cxd4 4. Nxd4 Nf6 5. Nc3 g6 6. Be3 Bg7 7. f3 O-O 8. Bc4
Bd7 9. Qd2 Nc6 10. O-O-O Ne5 11. Bb3 Rc8 12. Bh6 Nc4 13. Bxc4 Rxc4 14. Bxg7
Kxg7 15. h4 Qa5 16. h5 Nxh5 17. g4 Nf6 18. Qh6+ Kg8 19. Nd5 Rfc8 20. Nxf6+ exf6
21. Qxh7+ Kf8 22. e5 dxe5 23. g5 fxg5 24. Qh6+ Ke7 25. Qxg5+ Kf8 26. Qf6 Rxc2+
27. Nxc2 Rxc2+ 28. Kxc2 Bf5+ 29. Kc1 Qc5+ 30. Kd2 Qd4+ 31. Ke2 Qxb2+ 32. Rd2
Qb5+ 33. Kf2 Qc5+ 34. Kg2 Ke8 35. Rd8# 1-0

[Event "Young Junior Sponsors"]
[Site "Flint, Mich."]
[Date "1994.03.20"]
[Round "3"]
[White "Libby, Daniel"]
[Black "Moody, David"]
[Result "0-1"]
[WhiteElo "1702"]
[BlackElo "2044"]
[PlyCount "58"]
[EventDate "1994.03.20"]

1. c4 e5 2. g3 g6 3. Bg2 Bg7 4. Nc3 Nc6 5. e4 Nge7 6. d3 d6 7. Nge2 Be6 8. Be3
Nd4 9. Qd2 Bh3 10. O-O Qd7 11. Bh6 Bxg2 12. Kxg2 Bxh6 13. Qxh6 Nec6 14. Qg7
O-O-O 15. Nxd4 Nxd4 16. Nb5 Nxb5 17. cxb5 h5 18. Qf6 h4 19. Rh1 h3+ 20. Kf3
Qxb5 21. Rhd1 d5 22. Qxe5 dxe4+ 23. Qxe4 Rhe8 24. Qc4 Qf5+ 25. Qf4 Rxd3+ 26.
Rxd3 Qxd3+ 27. Kg4 Re4 28. Qxe4 Qxe4+ 29. Kxh3 Qc2 0-1

[Event "Lansing Mini-Swiss (April)"]
[Site "Lansing, Mich."]
[Date "1994.04.10"]
[Round "3"]
[White "Moody, David"]
[Black "Robinson, Erik"]
[Result "1-0"]
[WhiteElo "2044"]
[BlackElo "1473"]
[PlyCount "68"]
[EventDate "1994.04.10"]

1. e4 Nf6 2. Nc3 d6 3. d4 Nc6 4. Nf3 e5 5. Bc4 Bg4 6. d5 Nd4 7. Be3 Bxf3 8.
gxf3 g6 9. Bxd4 exd4 10. Qxd4 a6 11. f4 Bg7 12. Be2 O-O 13. O-O-O Qe7 14. Qe3
Nd7 15. h4 Rfe8 16. h5 Nf8 17. hxg6 hxg6 18. Qh3 Qf6 19. f5 Re5 20. f4 Re7 21.
Bd3 Rae8 22. e5 dxe5 23. Rdg1 e4 24. Bc4 b5 25. d6 Qxd6 26. fxg6 bxc4 27. gxf7+
Kxf7 28. Qh5+ Ng6 29. f5 Rh8 30. fxg6+ Kg8 31. Qg4 Re6 32. Rxh8+ Bxh8 33. g7
Qe5 34. gxh8=Q+ Kf7 1-0

[Event "Lansing Mini-Swiss (April)"]
[Site "Lansing, Mich."]
[Date "1994.04.10"]
[Round "1"]
[White "Gabbara, Faris"]
[Black "Moody, David"]
[Result "1-0"]
[WhiteElo "2180"]
[BlackElo "2044"]
[PlyCount "57"]
[EventDate "1994.04.10"]

1. c4 e5 2. Nc3 Nc6 3. Nf3 f5 4. d3 Nf6 5. g3 Be7 6. Bg2 O-O 7. O-O d6 8. a3
Bd7 9. b4 Qc8 10. Nd5 Nxd5 11. cxd5 Nd8 12. Qb3 f4 13. gxf4 Bh3 14. Ne1 exf4
15. d4 Bxg2 16. Nxg2 f3 17. exf3 Qh3 18. Bf4 g5 19. Bg3 h5 20. Qc2 Rf6 21. f4
h4 22. fxg5 hxg3 23. fxg3 Rxf1+ 24. Rxf1 Qh7 25. g6 Qg7 26. Qe4 b5 27. Nf4 Bf6
28. Qe8+ Qf8 29. Qxf8+ 1-0

[Event "Lansing Mini-Swiss (April)"]
[Site "Lansing, Mich."]
[Date "1994.04.10"]
[Round "2"]
[White "Calton, Bill"]
[Black "Moody, David"]
[Result "1-0"]
[WhiteElo "2142"]
[BlackElo "2044"]
[PlyCount "55"]
[EventDate "1994.04.10"]

1. e4 e5 2. Bc4 Nc6 3. d3 Bc5 4. Nc3 d6 5. Na4 Bb6 6. Nxb6 axb6 7. a3 Nf6 8.
Nf3 Qe7 9. O-O Bg4 10. h3 Bh5 11. c3 h6 12. Be3 Nd8 13. Qd2 Bxf3 14. gxf3 Ne6
15. f4 Nh5 16. fxe5 dxe5 17. Bxe6 Qxe6 18. Kh2 g5 19. Qe2 Nf4 20. Bxf4 exf4 21.
d4 h5 22. Qb5+ c6 23. Qxg5 Ra5 24. Qxf4 Rh6 25. Qb8+ Ke7 26. Qxb7+ Kf8 27. Qb8+
Ke7 28. Qc7+ 1-0

[Event "Calton Quad"]
[Site "Birmingham, Mich."]
[Date "1994.04.16"]
[Round "2"]
[White "Rosenberg, Steve"]
[Black "Moody, David"]
[Result "0-1"]
[WhiteElo "1783"]
[BlackElo "2048"]
[PlyCount "114"]
[EventDate "1994.04.16"]

1. Nf3 g6 2. g3 Bg7 3. Bg2 d5 4. d3 c5 5. Nbd2 e6 6. O-O Ne7 7. e4 Nbc6 8. c3
O-O 9. Re1 b5 10. Nb3 Qb6 11. Bg5 h6 12. exd5 Nxd5 13. Bd2 Bb7 14. Qc1 Kh7 15.
Be3 Nxe3 16. Qxe3 b4 17. Nxc5 bxc3 18. Nxb7 cxb2 19. Qxb6 axb6 20. Rab1 Rxa2
21. Ng5+ hxg5 22. Bxc6 Rc8 23. Bb5 Ra1 24. Bc4 Rxb1 25. Rxb1 b5 26. Nd6 bxc4
27. Nxc4 Ra8 28. Kf1 Ra1 29. Nd2 Bc3 30. Ke2 Bxd2 31. Rxb2 Bc3 32. Rb7 g4 33.
d4 Kg7 34. Kd3 Be1 35. Ke2 Ba5 36. Ke3 Rh1 37. Rd7 Rxh2 38. d5 exd5 39. Rxd5
Bb6+ 40. Kf4 f5 41. Kg5 Rh5+ 42. Kf4 Bxf2 43. Rd7+ Kf6 44. Rd6+ Kf7 45. Rf6+
Kg7 46. Re6 Rh3 47. Kg5 Kf7 48. Rxg6 Be3+ 49. Kxf5 Rh5+ 50. Kxg4 Kxg6 51. Kf3
Ba7 52. Kg4 Rf5 53. Kh3 Kg5 54. Kg2 Kg4 55. Kh2 Rf2+ 56. Kg1 Kxg3 57. Kh1 Rf1#
0-1

[Event "Calton Quad"]
[Site "Birmingham, Mich."]
[Date "1994.04.16"]
[Round "3"]
[White "Rajlich, Vasik"]
[Black "Moody, David"]
[Result "1-0"]
[WhiteElo "2108"]
[BlackElo "2048"]
[PlyCount "51"]
[EventDate "1994.04.16"]

1. e4 e5 2. Nf3 Nc6 3. d4 exd4 4. c3 Be7 5. cxd4 Nf6 6. d5 Bb4+ 7. Nbd2 Ne7 8.
Bd3 O-O 9. O-O d6 10. Nb3 Ng6 11. a3 Bc5 12. Nxc5 dxc5 13. Re1 Bg4 14. Be3 c4
15. Bxc4 Nxe4 16. Rc1 Ne5 17. Bd4 Nxc4 18. Rxe4 Bxf3 19. Qxf3 Qxd5 20. Rg4 Qxf3
21. Rxg7+ Kh8 22. Rxf7+ Kg8 23. Rg7+ Kh8 24. gxf3 c5 25. Bc3 Rg8 26. Rg3+ 1-0

[Event "Calton Quad"]
[Site "Birmingham, Mich."]
[Date "1994.04.16"]
[Round "1"]
[White "Moody, David"]
[Black "Smith, Mike A"]
[Result "0-1"]
[WhiteElo "2048"]
[BlackElo "1917"]
[PlyCount "36"]
[EventDate "1994.04.16"]

1. d4 Nf6 2. Nf3 c5 3. e3 cxd4 4. exd4 d5 5. Bd3 Nc6 6. c3 Bg4 7. Bf4 e6 8.
Nbd2 Bd6 9. Bxd6 Qxd6 10. O-O O-O 11. Qc2 Rfc8 12. a3 Rab8 13. Rae1 b5 14. Qb1
a5 15. Ne5 b4 16. Nxg4 Nxg4 17. Bxh7+ Kh8 18. Qd3 Qxh2# 0-1

[Event "Finney Mini-Swiss (April)"]
[Site "Detroit, Mich."]
[Date "1994.04.23"]
[Round "2"]
[White "Moody, David"]
[Black "Walker, Leroy"]
[Result "0-1"]
[WhiteElo "2048"]
[BlackElo "1810"]
[PlyCount "46"]
[EventDate "1994.04.23"]

1. e4 e6 2. d4 d5 3. Nc3 Nf6 4. exd5 exd5 5. Bd3 Bg4 6. f3 Bh5 7. Nge2 Bg6 8.
O-O Bxd3 9. Qxd3 Be7 10. Ng3 O-O 11. Re1 Na6 12. Bg5 Re8 13. Nf5 Nb4 14. Qd2
Bf8 15. Rxe8 Qxe8 16. a3 Na6 17. Bxf6 gxf6 18. Re1 Qd7 19. Qf4 Re8 20. Qg3+ Kh8
21. Nxd5 Rxe1+ 22. Qxe1 Qxf5 23. Qe8 Kg7 0-1

[Event "Finney Mini-Swiss (April)"]
[Site "Detroit, Mich."]
[Date "1994.04.23"]
[Round "1"]
[White "Jointer, William"]
[Black "Moody, David"]
[Result "0-1"]
[WhiteElo "1700"]
[BlackElo "2048"]
[PlyCount "80"]
[EventDate "1994.04.23"]

1. d4 Nf6 2. Nc3 d5 3. e4 Nxe4 4. Nxe4 dxe4 5. f3 e5 6. Be3 exd4 7. Bxd4 Nc6 8.
Bc3 Qxd1+ 9. Rxd1 exf3 10. Nxf3 Bb4 11. Rd3 O-O 12. a3 Re8+ 13. Kd1 Bxc3 14.
Rxc3 Bg4 15. Bb5 Rad8+ 16. Kc1 Bxf3 17. Rxf3 Re6 18. Rhf1 Nd4 19. Rd1 Red6 20.
Rxd4 Rxd4 21. Bd3 c5 22. b3 g6 23. Bc4 R8d7 24. g3 Kg7 25. h4 f5 26. h5 Kf6 27.
hxg6 hxg6 28. Kb2 g5 29. Bd3 f4 30. g4 Re7 31. Rh3 Re3 32. Rh6+ Ke5 33. Bf5 f3
34. Bc8 f2 35. Re6+ Kf4 36. Rf6+ Kg3 37. Bxb7 Rf4 38. Rxf4 gxf4 39. g5 f1=Q 40.
g6 Qe1 0-1

[Event "Finney Mini-Swiss (April)"]
[Site "Detroit, Mich."]
[Date "1994.04.23"]
[Round "3"]
[White "Bailey, Jason"]
[Black "Moody, David"]
[Result "0-1"]
[WhiteElo "1761"]
[BlackElo "2048"]
[PlyCount "40"]
[EventDate "1994.04.23"]

1. c4 e5 2. g3 Nc6 3. Bg2 f5 4. Nc3 Nf6 5. d3 d6 6. e4 Be7 7. Nge2 O-O 8. O-O
Be6 9. Nd5 Qd7 10. Rb1 fxe4 11. dxe4 Bh3 12. Bxh3 Qxh3 13. f3 Nxd5 14. cxd5 Nd8
15. Be3 Nf7 16. Rc1 Rac8 17. Qb3 Ng5 18. Bd2 h5 19. Kh1 Nxe4 20. Ng1 Nxg3# 0-1